[Event "HUN-chT4 Chalupetzky 1819"]
[Site "Hunagry"]
[Date "2018.12.16"]
[Round "4.2"]
[White "Horvath, Eszter"]
[Black "Bindics, Botond"]
[Result "0-1"]
[WhiteElo "1456"]
[BlackElo "1031"]
[PlyCount "110"]
[EventDate "2018.10.14"]
[EventType "team-tourn"]
[EventRounds "10"]
[EventCountry "HUN"]
[SourceTitle "EXT 2020"]
[Source "ChessBase"]
[SourceDate "2019.10.17"]
[SourceVersion "1"]
[SourceVersionDate "2019.10.17"]
[SourceQuality "1"]
[WhiteTeam "Gyor Bastya"]
[BlackTeam "Fertoszentmiklos"]
[WhiteTeamCountry "HUN"]
[BlackTeamCountry "HUN"]

1. e4 e5 2. Nf3 Nc6 3. Bc4 h6 4. 0-0 Nf6 5. d3 Bc5 6. h3 0-0 7. Nc3 d6 8. a3 Nh5 9. Nd5 Ne7 10. d4 exd4 11. Nxd4 Nxd5 12. Bxd5 Bxd4 13. Qxd4 c5 14. Qd1 Nf6 15. c4 Nxd5 16. exd5 Qf6 17. Rb1 Qg6 18. Kh2 Qxb1 19. Bf4 Qxd1 20. Rxd1 Re8 21. Bxd6 b6 22. Rd3 Re4 23. f4 Ba6 24. Rg3 Bxc4 25. f5 f6 26. b4 Bxd5 27. bxc5 bxc5 28. Bxc5 a6 29. Bb4 Re5 30. Bd2 Kh7 31. Rc3 Re2 32. Bf4 Rxg2+ 33. Kh1 Rc2+ 34. Kg1 Rxc3 35. Bd6 Rc2 36. h4 Re8 37. Bg3 Re3 38. Bf2 Rxf2 39. Kxf2 Rxa3 40. h5 Kg8 41. Kg1 Ra2 42. Kf1 Kf7 43. Kg1 Ke7 44. Kf1 Bf7 45. Kg1 Kd6 46. Kf1 Ke5 47. Ke1 Ke4 48. Kd1 Kd3 49. Kc1 Kc3 50. Kb1 Kb3 51. Kc1 Rb2 52. Kd1 Rc2 53. Ke1 Kc3 54. Kd1 Kd3 55. Ke1 Rd2 0-1